The Perfect sales preseutation
| Main Author: | |
|---|---|
| Format: | Book |
| Published: |
New York :
Bantam Books ,
1986
|
| Subjects: |
MARC
| LEADER | 00000cam a2200000 7i4500 | ||
|---|---|---|---|
| 001 | 0000004744 | ||
| 002 | 000005114 | ||
| 005 | 20000330.0 | ||
| 020 | |a 05532663 | ||
| 090 | 0 | 0 | |a 658.85 |b SHO |
| 100 | 1 | |a Shook, Robert L. | |
| 245 | 1 | 0 | |a The Perfect sales preseutation |c Robert L.Shook |
| 260 | |a New York : |b Bantam Books , |c 1986 | ||
| 300 | |a 179p. ; |c 18cm. | ||
| 650 | 0 | 0 | |a Business presentation |x Sales presentation |x Selling |
| 999 | |a 035410 |b BUKU |c PINJAMAN |e PERPUSTAKAAN KOMUNITI PETALING JAYA | ||